European architecture 1750-1890
Αποθηκεύτηκε σε:
| Κύριος συγγραφέας: | |
|---|---|
| Μορφή: | Βιβλίο |
| Γλώσσα: | English |
| Δημοσίευση: |
New York :
Oxford University Press,
c2000
|
| Σειρά: | Oxford history of art
|
| Θέματα: | |
| Ετικέτες: |
Προσθήκη ετικέτας
Δεν υπάρχουν, Καταχωρήστε ετικέτα πρώτοι!
|
MARC
| LEADER | 00000nam a2200000 i 4500 | ||
|---|---|---|---|
| 001 | 1/50549 | ||
| 008 | 070803s2000 eng d | ||
| 020 | |a 978-0-19-284222-0 | ||
| 020 | |a 0-19-284222-6 | ||
| 035 | |l 10089485 | ||
| 040 | |a GR-MY-UA |b gre |e aacr | ||
| 041 | 0 | |a eng | |
| 082 | 0 | |a 724.2 |2 (22) | |
| 100 | 1 | |a Bergdoll, Barry. | |
| 245 | 1 | 0 | |a European architecture 1750-1890 / |c Barry Bergdoll |
| 260 | |a New York : |b Oxford University Press, |c c2000 | ||
| 300 | |a vi, 326 σ.; |b εικ. (μερ. έγχρ.); |c 24 εκ. | ||
| 490 | 1 | |a Oxford history of art | |
| 504 | |a Βιβλιογραφία: σ. 280-284 | ||
| 504 | |a Ευρετήριο: σ. 315-326 | ||
| 650 | 0 | 0 | |a Neoclassicism (Architecture) |z Europe. |
| 650 | 0 | 0 | |a Architecture |z Europe |y 18th century. |
| 650 | 0 | 0 | |a Architecture |z Europe |y 19th century. |
| 830 | 0 | |a Oxford history of art | |
| 852 | |a INST |b LESVOS |e 20070803 |h 724.2 BER |p 005100041368 |q 005100041368 |t BK |y 0 | ||
| 901 | |a BIBL1-2007-2 | ||
| 909 | |a Λ |b 137400 | ||
| 922 | |a 1ΕΛΗ |b 200707 |c ΕΠΕΑΕΚ2/ΤΚΑ |d ΕΛΕΥΘΕΡΟΥΔΑΚΗΣ | ||
| 970 | |a ΚΑΡΑ |b ΓΙΑΣΕΜΗ |z 2007/08/03 | ||